000 00542nam a22001937i 4500
001 6175
003 OSt
005 20181102151233.0
007 tu
008 161220s2002 xxu||||| |||| 00| 0 d
024 7 _a6175
_2RID
024 7 _a6175
_2RSN (alt)
040 _cOSt
100 1 _aSchneidewind, Peter
_eEd.
245 0 0 _aLob der Langsamkeit
260 _aWien :
_bÖsterreichisches Institut für Raumplanung (ÖIR),
_c2002.
490 _aRaum. Österreichische Zeitschrift für Raumplanung und Regionalpolitik
_v47
_x1024-137X
942 _cP
999 _c5812
_d5812